PCR analysis of the cryl insecticidal crystal family genes from Bacillus truringiensis (Registro nro. 12710)

Detalles MARC
000 -CABECERA
Campo de control 008630000a22002650004500
090 ## - CLASIFICACIÓN LOCAL
Colección AR
Consecutivo 03662
041 0# - IDIOMA
Código de idioma para texto/pista de sonido o título separado
100 1# - ASIENTO PRINCIPAL--NOMBRE PERSONAL
Nombre personal Cerón, Jairo
245 10 - MENCION DE TITULO
Título PCR analysis of the cryl insecticidal crystal family genes from Bacillus truringiensis
500 ## - NOTA GENERAL
Nota general <Colección Recursos Genéticos>
650 14 - ASIENTO SECUNDARIO DE MATERIA - TERMINO TEMATICO
Término temático o nombre geográfico como elemento de entrada Microbiología
650 14 - ASIENTO SECUNDARIO DE MATERIA - TERMINO TEMATICO
Término temático o nombre geográfico como elemento de entrada Biotecnología
650 14 - ASIENTO SECUNDARIO DE MATERIA - TERMINO TEMATICO
Término temático o nombre geográfico como elemento de entrada Control de plagas
650 14 - ASIENTO SECUNDARIO DE MATERIA - TERMINO TEMATICO
Término temático o nombre geográfico como elemento de entrada Genética
653 ## - TERMINO DE INDIZACION - NO CONTROLADO
-- Bacillus
-- Bacillus thuringiensis
700 1# - ASIENTO SECUNDARIO - NOMBRE PERSONAL
Nombre personal Covarrubias, Luis
700 1# - ASIENTO SECUNDARIO - NOMBRE PERSONAL
Nombre personal Quintero, Rodolfo
700 1# - ASIENTO SECUNDARIO - NOMBRE PERSONAL
Nombre personal Ortiz, Anabel
700 1# - ASIENTO SECUNDARIO - NOMBRE PERSONAL
Nombre personal Ortiz, Myriam
700 1# - ASIENTO SECUNDARIO - NOMBRE PERSONAL
Nombre personal Aranda, Eduardo
700 1# - ASIENTO SECUNDARIO - NOMBRE PERSONAL
Nombre personal Lina, Laura
700 1# - ASIENTO SECUNDARIO - NOMBRE PERSONAL
Nombre personal Bravo, Alejandro
773 1# - Item fuente:
Título Applied and Environmental Microbiology
Descripción física 1
Paginas del Articulo 353-356
Lugar, editorial y fecha de publicación 1994
Información sobre la relación 60
942 ## - ELEMENTOS ADICIONALES (KOHA)
Tipo de ítem Artículo
Existencias
Withdrawn status Lost status Damaged status No para préstamo Colección Ubicación Permanente Ubicación actual Fecha de adquisición Fuente de Valor Datos de publicación Seriada Total Checkouts Número topográfico Inventario / Código de Barras Date last seen Price effective from Forma de adquisición Tipo de material
      No para Préstamo Hemeroteca Bogotá Bogotá 27/02/2015 Rincón, Martha Fuera de circulación   AR 03662 017238 25/03/2015 25/03/2015   Artículo